ARRUPE JESUIT UNIVERSITY

CORONAVIRUS -STOP THE SPREAD - CLEAN,DISINFECT,COVER

Postmodernity / (Record no. 118183)

MARC details
000 -LEADER
fixed length control field 00859mam a2200289 a 4500
001 - CONTROL NUMBER
control field 1524578
003 - CONTROL NUMBER IDENTIFIER
control field ARRUPE
005 - DATE AND TIME OF LATEST TRANSACTION
control field 20131001133318.0
008 - FIXED-LENGTH DATA ELEMENTS--GENERAL INFORMATION
fixed length control field 941007s1994 enk 001 0 eng d
020 ## - INTERNATIONAL STANDARD BOOK NUMBER
International Standard Book Number 0335191495
020 ## - INTERNATIONAL STANDARD BOOK NUMBER
International Standard Book Number 0335191487 (pbk.)
035 ## - SYSTEM CONTROL NUMBER
System control number (OCoLC)ocm31233782
035 ## - SYSTEM CONTROL NUMBER
System control number (NNC)1524578
040 ## - CATALOGING SOURCE
Original cataloging agency EUE
Transcribing agency EUE
Modifying agency NNC
050 ## - LIBRARY OF CONGRESS CALL NUMBER
Classification number HM73
Item number .L96 1994
300 ## - PHYSICAL DESCRIPTION
Dimensions 22 cm.
100 1# - MAIN ENTRY--PERSONAL NAME
Personal name Lyon, David,
Dates associated with a name 1948-
9 (RLIN) 1838
245 10 - TITLE STATEMENT
Title Postmodernity /
Statement of responsibility, etc David Lyon.
260 ## - PUBLICATION, DISTRIBUTION, ETC. (IMPRINT)
Place of publication, distribution, etc Buckingham :
Name of publisher, distributor, etc Open University Press,
Date of publication, distribution, etc 1994.
300 ## - PHYSICAL DESCRIPTION
Extent viii, 104 p. ;
490 1# - SERIES STATEMENT
Series statement Concepts in the social sciences
504 ## - BIBLIOGRAPHY, ETC. NOTE
Bibliography, etc Includes bibliographical references and index.
650 #0 - SUBJECT ADDED ENTRY--TOPICAL TERM
Topical term or geographic name as entry element Postmodernism
General subdivision Social aspects.
9 (RLIN) 1839
650 #0 - SUBJECT ADDED ENTRY--TOPICAL TERM
Topical term or geographic name as entry element Social change.
9 (RLIN) 1840
830 #0 - SERIES ADDED ENTRY--UNIFORM TITLE
Uniform title Concepts in the social sciences.
9 (RLIN) 1841
942 ## - ADDED ENTRY ELEMENTS (KOHA)
Source of classification or shelving scheme Library of Congress Classification
Koha item type Monograph ( Printed materials)
Holdings
Withdrawn status Lost status Source of classification or shelving scheme Damaged status Not for loan Collection code Home library Current library Shelving location Date acquired Total Checkouts Full call number Barcode Date last seen Price effective from Koha item type
    Library of Congress Classification     Main Collection ARRUPE LIBRARY ARRUPE LIBRARY Main Collection 01/10/2013   HM73 .L96 1994 46410992 30/04/2018 01/10/2013 Monograph ( Printed materials)

 

Arrupe Library. PO Box MP320 Mt Pleasant, Harare, Zimbabwe
263 242 745411|librarian@aju.ac.zw